Science Quiz

Random Science or Animal Quiz

Evolution of Species Quiz Stats

 Plays Quiz Updated Dec 4, 2014

Challenge
Share
Tweet
Embed
Score 0/10 Timer 02:00
102 Plays Today
% Correct
???
100%
???
95.5%
???
72.8%
???
54.3%
???
34%
???
29.7%
???
27.9%
???
13.9%
???
13.6%
???
13.6%

You're not logged in!

Compare scores with friends on all Sporcle quizzes.
Join for Free
OR
Log In

You Might Also Like...

Show Comments

Extras

Top Quizzes Today


Score Distribution

Your Account Isn't Verified!

In order to create a playlist on Sporcle, you need to verify the email address you used during registration. Go to your Sporcle Settings to finish the process.

Report this User

Report this user for behavior that violates our Community Guidelines.

Details: